Globalisation and the new realities : selected speeches of Dr Mahathir Mohamad, Prime Minister of Malaysia

Bibliographic Details
Main Author: MAHATHIR bin Mohamad 1925-
Other Authors: Hashim Makaruddin
Format: Book
Published: Subang Jaya, Selangor : Pelanduk Pub. , 2002
Subjects:

MARC

LEADER 00000cam a2200000 7i4500
001 0000001997
005 20020730.0
020 0 0 |a 9679788180 
090 0 0 |a 303.482   |b MAH 2002 
100 0 0 |a MAHATHIR bin Mohamad   |f Dato' Seri   |c 1925- 
245 1 0 |a Globalisation and the new realities :   |b selected speeches of Dr Mahathir Mohamad, Prime Minister of Malaysia   |c edited by Hashim Makaruddin 
260 0 0 |a Subang Jaya, Selangor :   |b Pelanduk Pub. ,   |c 2002 
300 |a 236 p. ;   |c 22 cm. 
500 0 0 |a Includes index 
650 0 0 |a Globalisation 
650 0 0 |a International relations 
650 0 0 |a Speeches, addresses, etc. 
700 0 1 |a Hashim Makaruddin 
998 |a JPSM 
999 |a 0000003385   |b Monograph   |c Open Shelf   |e Default branch